Object oriented software engineering (Record no. 137180)

000 -LEADER
fixed length control field 00339nam a2200121Ia 4500
008 - FIXED-LENGTH DATA ELEMENTS--GENERAL INFORMATION
fixed length control field 220120s9999||||xx |||||||||||||| ||und||
082 ## - DEWEY DECIMAL CLASSIFICATION NUMBER
Classification number 005.14 BRU
100 ## - MAIN ENTRY--PERSONAL NAME
Personal name Bruegge, Berld Butoit, Allen, H
9 (RLIN) 2376
245 #0 - TITLE STATEMENT
Title Object oriented software engineering
260 ## - PUBLICATION, DISTRIBUTION, ETC.
Place of publication, distribution, etc. Pearson education of asia
300 ## - PHYSICAL DESCRIPTION
Other physical details 310
650 ## - SUBJECT ADDED ENTRY--TOPICAL TERM
Topical term or geographic name entry element NETWORK ANALYSIS
Holdings
Withdrawn status Lost status Damaged status Not for loan Collection code Home library Current library Date acquired Barcode Date last seen Price effective from Koha item type
        Computer Science and Engineering Central Library Central Library 01/20/2022 GF1039 01/20/2022 01/20/2022 Gift Books

Powered by Koha